000 00553nam a22002177a 4500
003 OSt
005 20140310183128.0
008 130531t xxu||||| |||| 00| 0 eng d
020 _a9712332322
050 _aPE 1112
_b.B298 2001
082 _aFIL 428
_bB12 2001
245 _aBack to english basics (english plus
_cBascara, Linda R.
260 _aManila
_bNational Book Store
_c2001
300 _a199 p.
_c22 cm
521 _aCollege
526 _c1210L-1700L
541 _j1
541 _j2
562 _e2
942 _2lcc
_cBK
_kFIL
999 _c19082
_d19082